[Event "CrunchLab Masters Div 1 W"]
[Site "chess.com INT"]
[Date "2024.07.19"]
[Round "1.1"]
[White "Carlsen, Magnus"]
[Black "Nepomniachtchi, Ian"]
[Result "1-0"]
[WhiteTitle "GM"]
[BlackTitle "GM"]
[WhiteElo "2832"]
[BlackElo "2770"]
[WhiteFideId "1503014"]
[BlackFideId "4168119"]
[EventDate "2024.07.19"]
[EventType "k.o."]

1. e4 c5 2. Nf3 d6 3. d4 cxd4 4. Nxd4 Nf6 5. Nc3 a6 6. Bc4 e6 7. a4 Qc7 8. Qe2
Be7 9. O-O O-O 10. a5 Bd7 11. Be3 Rc8 12. Bb3 Nc6 13. Nxc6 Qxc6 14. Bd4 Bd8 15.
Rfd1 e5 16. Be3 Be6 17. Bg5 Nd7 18. Bxd8 Rxd8 19. Nd5 Bxd5 20. Bxd5 Qc7 21. c3
Nf6 22. Rd3 Rab8 23. Rd2 g6 24. g3 Kg7 25. Kg2 h5 26. h4 Rdc8 27. Ra4 Qe7 28.
Qd3 Rc5 29. Ba2 Rd8 30. b4 Rcc8 31. Ra3 Qd7 32. Bd5 Rc7 33. c4 Rdc8 34. Rc2 Nxd5
35. exd5 Qg4 36. Rac3 Qd4 37. Qe2 e4 38. Qe3 Qxe3 39. fxe3 Kf6 40. Kf2 Ke5 41.
Ke1 f6 42. Kd1 g5 43. Kc1 gxh4 44. gxh4 Rg8 45. Rd2 f5 46. Kc2 Rg4 47. c5 Rg8
48. Kb3 Rgc8 49. Rc4 dxc5 50. d6 Rc6 51. bxc5 Ke6 52. Kb4 Rg8 53. Rcd4 Kd7 54.
Rd5 Rf8 55. Re5 Rcc8 56. Re7+ Kc6 57. Kc4 Rfd8 58. Rb2 b5+ 59. axb6 1-0

[Event "CrunchLab Masters Div 1 W"]
[Site "chess.com INT"]
[Date "2024.07.19"]
[Round "1.1"]
[White "Duda, Jan-Krzysztof"]
[Black "So, Wesley"]
[Result "1/2-1/2"]
[WhiteTitle "GM"]
[BlackTitle "GM"]
[WhiteElo "2733"]
[BlackElo "2757"]
[WhiteFideId "1170546"]
[BlackFideId "5202213"]
[EventDate "2024.07.19"]
[EventType "k.o."]

1. e4 e5 2. Nf3 Nc6 3. Bb5 Nf6 4. d3 Bc5 5. Bxc6 dxc6 6. O-O Qe7 7. Nbd2 a5 8.
Nc4 Nd7 9. c3 O-O 10. d4 exd4 11. cxd4 b5 12. Ncd2 Bb6 13. a4 Re8 14. Qc2 Bb7
15. b3 Rad8 16. Bb2 Nf8 17. Rfe1 Ne6 18. axb5 cxb5 19. d5 Qc5 20. Qxc5 Nxc5 21.
Bd4 f5 22. Bxc5 Bxc5 23. Rxa5 fxe4 24. Rxb5 Bb6 25. Rxe4 Rxe4 26. Nxe4 Bxd5 27.
Rb4 Ba5 28. Rd4 Bb6 29. Rd1 c6 30. Nc3 Bxb3 31. Rxd8+ Bxd8 32. Nd4 Bf6 33. Nxb3
Bxc3 34. Kf1 Kf7 35. Ke2 Ke6 36. Kd3 Be5 37. Ke4 Bxh2 38. Nd4+ Kf6 39. Nxc6 Bd6
40. Kf3 Bc5 41. Na5 h5 42. Nc4 g6 43. Nd2 Kf5 44. Ne4 Bd4 45. Ng3+ Ke5 46. Ne4
Kf5 47. Ng3+ Ke5 48. Ne4 Kf5 1/2-1/2

[Event "CrunchLab Masters Div 1 W"]
[Site "chess.com INT"]
[Date "2024.07.19"]
[Round "1.1"]
[White "Firouzja, Alireza"]
[Black "Caruana, Fabiano"]
[Result "1-0"]
[WhiteTitle "GM"]
[BlackTitle "GM"]
[WhiteElo "2744"]
[BlackElo "2796"]
[WhiteFideId "12573981"]
[BlackFideId "2020009"]
[EventDate "2024.07.19"]
[EventType "k.o."]

1. e4 c5 2. Nf3 d6 3. Bb5+ Nd7 4. a4 Nf6 5. Nc3 a6 6. Be2 b6 7. d4 cxd4 8. Qxd4
Bb7 9. O-O e5 10. Qe3 Be7 11. Rd1 O-O 12. Nd2 Qc7 13. Nc4 Rad8 14. Nd5 Nxd5 15.
exd5 f5 16. Qb3 f4 17. Bg4 Rb8 18. Bxd7 Qxd7 19. Nxb6 Qe8 20. Qh3 Bd8 21. Nd7
Bc8 22. Qe6+ Qxe6 23. dxe6 Bxd7 24. exd7 Bc7 25. g3 g5 26. Ra3 Rfd8 27. h4 h6
28. hxg5 hxg5 29. Kg2 Rxd7 30. Kf3 Kf7 31. Kg4 Rb4 32. Kxg5 fxg3 33. Rf3+ Ke8
34. fxg3 Rg7+ 35. Kh5 Rbg4 36. Rg1 d5 37. Bh6 R7g6 38. Rd1 d4 39. Rdf1 Rxg3 40.
Rf5 Kd7 41. Bg5 Re6 42. R1f2 e4 43. Rd5+ Kc6 44. Rff5 e3 45. Rc5+ Kb7 46. Rxc7+
Kxc7 47. Bf4+ Kd7 48. Bxg3 e2 49. Be1 Kc6 50. Kg4 Re3 51. Rf3 Re4+ 52. Rf4 Kd5
53. Rxe4 Kxe4 54. b4 Kd5 55. Kf3 1-0

[Event "CrunchLab Masters Div 1 W"]
[Site "chess.com INT"]
[Date "2024.07.19"]
[Round "1.1"]
[White "Vachier-Lagrave, Maxime"]
[Black "Andreikin, Dmitry"]
[Result "0-1"]
[WhiteTitle "GM"]
[BlackTitle "GM"]
[WhiteElo "2718"]
[BlackElo "2729"]
[WhiteFideId "623539"]
[BlackFideId "4158814"]
[EventDate "2024.07.19"]
[EventType "k.o."]

1. e4 c5 2. Nf3 Nc6 3. d4 cxd4 4. Nxd4 e5 5. Nb5 d6 6. N1c3 a6 7. Na3 Be6 8. Nc4
Rb8 9. Ne3 Nf6 10. g3 Rc8 11. Bg2 g6 12. O-O Bh6 13. Ncd5 Bxd5 14. exd5 Ne7 15.
c3 O-O 16. Qb3 Qc7 17. a4 Nd7 18. Rd1 f5 19. a5 e4 20. Qb4 Ne5 21. Nc2 Bxc1 22.
Raxc1 Qd7 23. Nd4 Rc4 24. Qb3 Rfc8 25. Ne6 Nd3 26. Rxd3 exd3 27. Bf1 Qb5 28.
Qxb5 axb5 29. Bxd3 Ra4 30. Bxb5 Rxa5 31. Nd4 Nxd5 32. Rd1 Nf6 33. Kg2 Kf7 34.
Be2 d5 35. Bf3 Ra2 36. Rb1 Ne4 37. Nb3 Kf6 38. Nc1 Ra6 39. Nd3 Rb6 40. Ra1 Ra6
41. Rd1 Ra2 42. Rb1 Rca8 43. Nb4 Ra1 44. Rxa1 Rxa1 45. Nxd5+ Ke5 46. Ne3 b5 47.
Be2 Nd6 48. Bd3 Ra2 49. Nd1 Kd5 50. Kf3 Nc4 51. b3 Ne5+ 52. Ke3 Ng4+ 53. Kf3 Rd2
54. Be2 Nxh2+ 55. Ke3 Ra2 56. Bxb5 Ng4+ 57. Kf3 Rd2 58. Be2 h5 59. b4 Ke5 60. b5
g5 61. b6 Kd6 62. Ne3 Ne5+ 63. Kg2 Rxe2 0-1

[Event "CrunchLab Masters Div 1 W"]
[Site "chess.com INT"]
[Date "2024.07.19"]
[Round "1.2"]
[White "Andreikin, Dmitry"]
[Black "Vachier-Lagrave, Maxime"]
[Result "1/2-1/2"]
[WhiteTitle "GM"]
[BlackTitle "GM"]
[WhiteElo "2729"]
[BlackElo "2718"]
[WhiteFideId "4158814"]
[BlackFideId "623539"]
[EventDate "2024.07.19"]
[EventType "k.o."]

1. d4 Nf6 2. Nf3 d5 3. e3 c5 4. c4 cxd4 5. exd4 g6 6. Nc3 Bg7 7. Qb3 dxc4 8.
Bxc4 O-O 9. O-O Nc6 10. Ne5 Qxd4 11. Bxf7+ Kh8 12. Nxc6 bxc6 13. Be6 Ng4 14.
Bxg4 Qxg4 15. Be3 a5 16. Qa4 Qb4 17. Rfc1 Bd7 18. a3 Qxa4 19. Nxa4 Rab8 20. Re1
Rf5 21. Rad1 Rd5 22. Rc1 Bf6 23. Bc5 Kg7 24. Bxe7 Bxb2 25. Rb1 Be5 26. Nb6 Rd3
27. Rxe5 Rxb6 28. Rbe1 Rd5 29. f3 Rxe5 30. Rxe5 Rb5 31. Bc5 Kf6 32. f4 Be6 33.
Kf2 Kf7 34. Bd6 Rb2+ 35. Re2 Rb7 36. Re5 Bd5 37. g4 a4 38. Bb4 Be6 39. h3 Rb5
40. Rxb5 cxb5 41. Ke3 Bc4 42. Kf3 Bd5+ 43. Kg3 Bc4 44. h4 h5 45. g5 Ke6 46. Bc5
Kf5 47. Bb4 Ke6 48. Bc5 Kf5 49. Bb4 Ke6 1/2-1/2

[Event "CrunchLab Masters Div 1 W"]
[Site "chess.com INT"]
[Date "2024.07.19"]
[Round "1.2"]
[White "Nepomniachtchi, Ian"]
[Black "Carlsen, Magnus"]
[Result "0-1"]
[WhiteTitle "GM"]
[BlackTitle "GM"]
[WhiteElo "2770"]
[BlackElo "2832"]
[WhiteFideId "4168119"]
[BlackFideId "1503014"]
[EventDate "2024.07.19"]
[EventType "k.o."]

1. c4 e5 2. Nc3 Nf6 3. Nf3 Nc6 4. g3 d5 5. cxd5 Nxd5 6. Bg2 Bc5 7. Qc2 Nf6 8. a3
Nd4 9. Nxd4 Bxd4 10. O-O O-O 11. b4 c6 12. Bb2 Re8 13. e3 Bb6 14. Na4 Bg4 15.
Nxb6 axb6 16. f4 Be2 17. fxe5 Bxf1 18. Rxf1 Ng4 19. Qf5 Qxd2 20. Bc1 Qe2 21.
Qxf7+ Kh8 22. e4 Nxe5 23. Qxb7 Rad8 24. Bf4 Rd1 25. Bxe5 Qe3+ 26. Kh1 Rxf1+ 27.
Bxf1 Qxe4+ 28. Kg1 Qxe5 29. Qxc6 Rf8 30. Kg2 Qb2+ 31. Kh3 Qxa3 32. Qxb6 Qf3 33.
Ba6 h6 34. Qg6 Rf6 35. Qe8+ Kh7 36. Be2 Qf5+ 37. Kg2 Qd5+ 38. Kh3 Rf2 39. Bh5
Qf5+ 40. Bg4 Qc2 41. Be6 Rxh2+ 42. Kg4 Qe4# 0-1

[Event "CrunchLab Masters Div 1 W"]
[Site "chess.com INT"]
[Date "2024.07.19"]
[Round "1.2"]
[White "So, Wesley"]
[Black "Duda, Jan-Krzysztof"]
[Result "0-1"]
[WhiteTitle "GM"]
[BlackTitle "GM"]
[WhiteElo "2757"]
[BlackElo "2733"]
[WhiteFideId "5202213"]
[BlackFideId "1170546"]
[EventDate "2024.07.19"]
[EventType "k.o."]

1. e4 c6 2. d4 d5 3. exd5 cxd5 4. Bd3 Nc6 5. c3 Qc7 6. Ne2 Bg4 7. O-O e6 8. Qe1
Nf6 9. f3 Bh5 10. Qh4 Rg8 11. Bf4 Qb6 12. Nd2 Bg6 13. Bxg6 hxg6 14. a4 Be7 15.
Qf2 Rh8 16. b4 Nh5 17. a5 Qd8 18. Be3 Bd6 19. g3 Ne7 20. g4 Nf6 21. Bf4 Rc8 22.
Qg3 Bxf4 23. Qxf4 Qc7 24. Qxc7 Rxc7 25. Nb3 Nc8 26. Nc5 Nd6 27. Kg2 Ke7 28. Rfe1
g5 29. Rh1 Nd7 30. Kg3 b6 31. axb6 axb6 32. Nxd7 Kxd7 33. h4 gxh4+ 34. Rxh4 Rxh4
35. Kxh4 Nb5 36. Rc1 Ra7 37. Kg3 Ra2 38. Nf4 Ra3 39. Ne2 Ra2 40. Nf4 g5 41. Nd3
f6 42. Nf2 Rd2 43. Nd1 Re2 44. Nf2 Ra2 45. Nd1 Ke7 46. Ne3 Re2 47. Nd1 Na3 48.
Ra1 Nc4 49. Nf2 Rc2 50. Ra7+ Kd6 51. Rf7 Rxc3 52. Rxf6 Nd2 53. Kg2 Ke7 54. Rg6
Nxf3 55. Kf1 Nxd4 56. Rxg5 Rc1+ 57. Kg2 Rc2 58. Rh5 Rb2 59. g5 Kf7 60. Rh6 Rxb4
61. Rf6+ Ke7 62. Nd3 Rb3 63. Nf4 Rb2+ 64. Kg3 Ne2+ 65. Nxe2 Rxe2 66. Rf1 Re5 67.
Kg4 d4 68. g6 Rf5 69. Rb1 b5 70. g7 Kf7 71. Re1 Kxg7 72. Rxe6 Rd5 73. Kf3 d3 74.
Re1 Kf6 75. Rd1 d2 76. Ke3 Ke5 77. Ke2 Ke4 78. Rxd2 Rxd2+ 79. Kxd2 Kd4 80. Kc2
Kc4 81. Kb2 Kb4 82. Ka2 Kc3 83. Ka3 b4+ 84. Ka2 Kc2 85. Ka1 Kb3 86. Kb1 Ka3 87.
Ka1 b3 88. Kb1 b2 89. Kc2 Ka2 0-1

[Event "CrunchLab Masters Div 1 W"]
[Site "chess.com INT"]
[Date "2024.07.19"]
[Round "1.3"]
[White "Carlsen, Magnus"]
[Black "Nepomniachtchi, Ian"]
[Result "1-0"]
[WhiteTitle "GM"]
[BlackTitle "GM"]
[WhiteElo "2832"]
[BlackElo "2770"]
[WhiteFideId "1503014"]
[BlackFideId "4168119"]
[EventDate "2024.07.19"]
[EventType "k.o."]

1. e4 c5 2. Nf3 d6 3. d4 cxd4 4. Nxd4 Nf6 5. Nc3 a6 6. Be2 g6 7. g4 Bg7 8. g5
Nh5 9. Be3 Nc6 10. Nb3 Be6 11. f4 Rc8 12. f5 Bxb3 13. axb3 Be5 14. Bxh5 gxh5 15.
Nd5 e6 16. fxe6 fxe6 17. Qxh5+ Kd7 18. Qf7+ Ne7 19. Nb6+ Kc7 20. Nxc8 Kxc8 21.
Qxe6+ Kb8 22. O-O Nc6 23. Rf7 Nd4 24. Qd5 Nc6 25. Rxa6 Bd4 26. Rxb7+ 1-0

[Event "CrunchLab Masters Div 1 W"]
[Site "chess.com INT"]
[Date "2024.07.19"]
[Round "1.3"]
[White "Duda, Jan-Krzysztof"]
[Black "So, Wesley"]
[Result "0-1"]
[WhiteTitle "GM"]
[BlackTitle "GM"]
[WhiteElo "2733"]
[BlackElo "2757"]
[WhiteFideId "1170546"]
[BlackFideId "5202213"]
[EventDate "2024.07.19"]
[EventType "k.o."]

1. e4 e5 2. Nf3 Nc6 3. Bb5 Nf6 4. O-O Nxe4 5. Re1 Nd6 6. Nxe5 Be7 7. Bf1 Nf5 8.
Nf3 d5 9. d4 O-O 10. c3 Re8 11. Bd3 Bd6 12. Rxe8+ Qxe8 13. Nbd2 f6 14. Qc2 g6
15. Nf1 Qf7 16. Bd2 Nce7 17. Re1 c6 18. Qc1 g5 19. h3 Bd7 20. N3h2 h5 21. f4 g4
22. hxg4 hxg4 23. Nxg4 Qg7 24. Nge3 Kf7 25. Re2 Rh8 26. Kf2 Rh1 27. Nxf5 Nxf5
28. Bxf5 Bxf5 29. Ng3 Rxc1 30. Nxf5 Qf8 31. Bxc1 Qd8 32. g4 Bf8 33. Kf3 Qa5 34.
Rh2 Qxa2 35. Rh7+ Kg8 36. Rd7 Qb1 37. Be3 Qxb2 38. Ng3 Qb1 39. Nh5 Qe4+ 40. Kf2
Be7 0-1

[Event "CrunchLab Masters Div 1 W"]
[Site "chess.com INT"]
[Date "2024.07.19"]
[Round "1.3"]
[White "Firouzja, Alireza"]
[Black "Caruana, Fabiano"]
[Result "1-0"]
[WhiteTitle "GM"]
[BlackTitle "GM"]
[WhiteElo "2744"]
[BlackElo "2796"]
[WhiteFideId "12573981"]
[BlackFideId "2020009"]
[EventDate "2024.07.19"]
[EventType "k.o."]

1. e4 c5 2. Nf3 d6 3. Bb5+ Nd7 4. O-O a6 5. Be2 Ngf6 6. d3 g6 7. c4 b6 8. Nc3
Bb7 9. Re1 Bg7 10. Bf1 O-O 11. d4 cxd4 12. Nxd4 Rc8 13. a4 e6 14. f3 Re8 15. Bg5
h6 16. Bh4 Ne5 17. b3 g5 18. Bf2 Nfd7 19. Qc2 h5 20. Rad1 h4 21. h3 Ng6 22. Be3
Be5 23. Qd2 Nf4 24. Nce2 Qf6 25. Nxf4 gxf4 26. Bf2 Kh7 27. a5 bxa5 28. Qxa5 Rg8
29. Qd2 Rg6 30. b4 Rcg8 31. Kh1 Qg7 32. Bg1 Nf6 33. Bh2 Nh5 34. Qf2 Bc8 35. Nc6
Bc3 36. e5 dxe5 37. Ne7 Bxe1 38. Rxe1 Bd7 39. Nxg6 Kxg6 40. Qxh4 f6 41. Qf2 Kh6
42. Rd1 Rc8 43. Qd2 Be8 44. g4 Qb7 45. gxh5 Qxf3+ 46. Bg2 Qxh5 47. Bxf4+ exf4
48. Qxf4+ Qg5 49. Qxg5+ Kxg5 50. c5 Rb8 51. c6 Rxb4 52. c7 Rc4 53. Rd8 Rxc7 54.
Rxe8 e5 55. Ra8 Rc1+ 56. Kh2 Ra1 57. Rg8+ Kf5 58. h4 e4 59. h5 Kf4 60. h6 Ra5
61. Rg3 e3 62. Rf3+ Kg4 63. Rxe3 Rb5 64. h7 Rb8 65. Rg3+ 1-0

[Event "CrunchLab Masters Div 1 W"]
[Site "chess.com INT"]
[Date "2024.07.19"]
[Round "1.3"]
[White "Vachier-Lagrave, Maxime"]
[Black "Andreikin, Dmitry"]
[Result "1-0"]
[WhiteTitle "GM"]
[BlackTitle "GM"]
[WhiteElo "2718"]
[BlackElo "2729"]
[WhiteFideId "623539"]
[BlackFideId "4158814"]
[EventDate "2024.07.19"]
[EventType "k.o."]

1. e4 c5 2. Nf3 Nc6 3. Nc3 e5 4. Bc4 d6 5. d3 Be7 6. Nd2 Nf6 7. Nf1 Bg4 8. Qd2
Be6 9. Nd5 Bxd5 10. exd5 Nd4 11. c3 Nf5 12. Qe2 h5 13. Ng3 Nxg3 14. hxg3 Qd7 15.
a4 O-O-O 16. b4 Qg4 17. Rb1 e4 18. Qb2 Rd7 19. bxc5 exd3 20. Rh4 Qf5 21. c6 Rc7
22. cxb7+ Kb8 23. Be3 Nd7 24. Rf4 Qe5 25. Bxd3 Bg5 26. Rf5 Bxe3 27. Rxe5 Nxe5
28. Ba6 Bc5 29. Qc2 Re7 30. Qf5 Nd7+ 31. Kf1 g6 32. Qh3 f5 33. Qh4 Re4 34. Qg5
h4 35. Re1 Rxe1+ 36. Kxe1 hxg3 37. f4 Bf2+ 38. Kd1 Nc5 39. Qxg6 Nxa6 40. Qxd6+
Nc7 41. Qc6 Rd8 42. c4 Bb6 43. Kc2 Na6 44. Kb1 Rh8 45. Qb5 Rh1+ 46. Kc2 Nc7 47.
Qd7 Kxb7 48. d6 Rf1 49. c5 Ba5 50. dxc7 Rf2+ 51. Kb3 Bxc7 52. c6+ Ka6 53. Qd3+
Ka5 54. Qb5# 1-0

[Event "CrunchLab Masters Div 1 W"]
[Site "chess.com INT"]
[Date "2024.07.19"]
[Round "1.4"]
[White "Andreikin, Dmitry"]
[Black "Vachier-Lagrave, Maxime"]
[Result "0-1"]
[WhiteTitle "GM"]
[BlackTitle "GM"]
[WhiteElo "2729"]
[BlackElo "2718"]
[WhiteFideId "4158814"]
[BlackFideId "623539"]
[EventDate "2024.07.19"]
[EventType "k.o."]

1. Nf3 d5 2. d4 Nf6 3. c4 c5 4. cxd5 cxd4 5. Qxd4 Qxd5 6. Nc3 Qxd4 7. Nxd4 a6 8.
g3 e5 9. Nc2 Nc6 10. Bg2 Be6 11. Bg5 Rc8 12. O-O-O Ng4 13. Rdf1 h6 14. Bd2 Be7
15. h3 Nf6 16. Kb1 O-O 17. g4 b5 18. Ne4 Bc4 19. Ng3 Rfd8 20. Rd1 Bc5 21. Be3
Nd4 22. Bxd4 exd4 23. Ne1 Bd6 24. Nd3 Bxg3 25. fxg3 Re8 26. Bf3 Bd5 27. Nc1 Be4+
28. Bxe4 Nxe4 29. Rxd4 Nxg3 30. Re1 Re6 31. e3 Rce8 32. a4 Rxe3 33. Rxe3 Rxe3
34. axb5 axb5 35. Rd3 Rxd3 36. Nxd3 f5 37. Kc2 fxg4 38. hxg4 Kf7 39. Kc3 Ne4+
40. Kb4 Kf6 41. Kxb5 Kg5 42. b4 Kxg4 43. Nc5 Nd2 44. Kc6 h5 45. b5 Nc4 46. Kd5
Na5 47. Ke5 h4 48. Ne4 Nc4+ 49. Kd4 Nb6 50. Ke5 Nc8 51. Ke6 Kf4 52. Nf2 g5 53.
Kd7 Nb6+ 54. Kc6 Na4 55. Nd3+ Kg3 56. Nb2 h3 57. Nxa4 h2 58. b6 h1=Q+ 59. Kc7
Qh7+ 60. Kb8 Qg8+ 61. Kc7 Qc4+ 0-1

[Event "CrunchLab Masters Div 1 W"]
[Site "chess.com INT"]
[Date "2024.07.19"]
[Round "1.4"]
[White "Caruana, Fabiano"]
[Black "Firouzja, Alireza"]
[Result "1-0"]
[WhiteTitle "GM"]
[BlackTitle "GM"]
[WhiteElo "2796"]
[BlackElo "2744"]
[WhiteFideId "2020009"]
[BlackFideId "12573981"]
[EventDate "2024.07.19"]
[EventType "k.o."]

1. e4 e5 2. Nf3 Nc6 3. Bc4 Nf6 4. d3 Bc5 5. O-O d6 6. c3 a6 7. a4 Ba7 8. Nbd2
O-O 9. h3 h6 10. Re1 Re8 11. b4 Be6 12. Bxe6 Rxe6 13. Qc2 Qd7 14. Ra2 Ree8 15.
Nf1 a5 16. b5 Ne7 17. Ng3 Ng6 18. c4 c6 19. Nf5 d5 20. Qb1 Bc5 21. Bd2 dxe4 22.
dxe4 cxb5 23. cxb5 b6 24. Be3 Bxe3 25. Rxe3 Red8 26. Rd2 Qe6 27. Rc2 Rac8 28.
Rec3 Rxc3 29. Rxc3 Rc8 30. Rxc8+ Qxc8 31. Nxe5 Qe6 32. Nxg6 fxg6 33. Ng3 Nd7 34.
Qd1 Nc5 35. Qd4 Kh7 36. e5 Qb3 37. Qd6 Qxa4 38. Qxb6 Qa1+ 39. Kh2 Qxe5 40. Qxa5
h5 41. Qb4 Nd3 42. Qc4 Nxf2 43. b6 Qb2 44. Qc7 h4 45. Nf1 Nd3 46. b7 Ne1 47. Qc6
Qe5+ 48. Kh1 Qf4 49. Qb5 Qf2 50. Ne3 Nf3 51. gxf3 Qxe3 52. b8=Q Qxf3+ 53. Kg1
Qe3+ 54. Kf1 Qxh3+ 55. Ke2 Qg2+ 56. Kd3 h3 57. Q5e5 Qf3+ 58. Kc4 Qc6+ 59. Kb4
Qf3 60. Qbc7 Qf8+ 61. Kc4 Qe8 62. Qexg7# 1-0

[Event "CrunchLab Masters Div 1 W"]
[Site "chess.com INT"]
[Date "2024.07.19"]
[Round "1.4"]
[White "So, Wesley"]
[Black "Duda, Jan-Krzysztof"]
[Result "0-1"]
[WhiteTitle "GM"]
[BlackTitle "GM"]
[WhiteElo "2757"]
[BlackElo "2733"]
[WhiteFideId "5202213"]
[BlackFideId "1170546"]
[EventDate "2024.07.19"]
[EventType "k.o."]

1. d4 Nf6 2. c4 g6 3. g3 c6 4. Bg2 d5 5. cxd5 cxd5 6. Nf3 Bg7 7. Nc3 O-O 8. Ne5
e6 9. O-O Nfd7 10. f4 Nc6 11. Be3 Ndxe5 12. dxe5 b6 13. Rc1 Bb7 14. Nb5 Qd7 15.
Nd6 Rad8 16. Qd2 Ba8 17. Rfd1 f6 18. exf6 Bxf6 19. Ne4 Bg7 20. Ng5 Qe7 21. Bf2
Kh8 22. Qe3 Rfe8 23. Rd2 Na5 24. b3 d4 25. Qd3 Bxg2 26. Kxg2 e5 27. Qe4 Nb7 28.
Qf3 h6 29. Rc6 hxg5 30. Rxg6 gxf4 31. gxf4 Rd6 32. Qh5+ Kg8 33. f5 Rxg6+ 34.
fxg6 Nc5 35. Bh4 Qb7+ 36. Kg1 Qe4 37. Qh7+ Kf8 38. Rd1 Qg4+ 39. Kh1 Qe4+ 40. Kg1
Qg4+ 41. Kh1 Qxe2 42. Re1 Qf3+ 43. Kg1 Qg4+ 44. Kh1 Nd3 45. Rf1+ Nf4 46. Bg3 d3
47. Rf2 Qd1+ 48. Rf1 Qxf1# 0-1

[Event "CrunchLab Masters Div 1 W"]
[Site "chess.com INT"]
[Date "2024.07.19"]
[Round "1.5"]
[White "Firouzja, Alireza"]
[Black "Caruana, Fabiano"]
[Result "1-0"]
[WhiteTitle "GM"]
[BlackTitle "GM"]
[WhiteElo "2744"]
[BlackElo "2796"]
[WhiteFideId "12573981"]
[BlackFideId "2020009"]
[EventDate "2024.07.19"]
[EventType "k.o."]

1. e4 c5 2. Nf3 d6 3. Bb5+ Nd7 4. O-O a6 5. Be2 Ngf6 6. d3 e6 7. a4 b6 8. Nfd2
Bb7 9. f4 Be7 10. Bf3 Qc7 11. Nc3 d5 12. e5 Ng8 13. Qe2 Nh6 14. Nd1 Nf5 15. c3
Nh4 16. Bg4 g6 17. d4 h5 18. Bh3 a5 19. Qf2 Ba6 20. Re1 Bd3 21. Nf3 Nxf3+ 22.
Qxf3 Bf5 23. Bxf5 gxf5 24. c4 cxd4 25. cxd5 exd5 26. Qxd5 Rd8 27. e6 Nc5 28.
Qxf5 fxe6 29. Qh3 Qc6 30. Bd2 Qd5 31. Nf2 Qb3 32. g3 h4 33. f5 Kd7 34. fxe6+
Nxe6 35. Qg2 hxg3 36. hxg3 Rdg8 37. Bf4 Rh5 38. Rac1 Qd5 39. Nd3 Bd6 40. Bxd6
Qxd6 41. Qb7+ 1-0

[Event "CrunchLab Masters Div 1 W"]
[Site "chess.com INT"]
[Date "2024.07.20"]
[Round "2.1"]
[White "Carlsen, Magnus"]
[Black "Vachier-Lagrave, Maxime"]
[Result "1-0"]
[WhiteTitle "GM"]
[BlackTitle "GM"]
[WhiteElo "2832"]
[BlackElo "2718"]
[WhiteFideId "1503014"]
[BlackFideId "623539"]
[EventDate "2024.07.19"]
[EventType "k.o."]

1. d4 Nf6 2. Nf3 g6 3. c4 Bg7 4. g3 c6 5. Bg2 d5 6. b3 O-O 7. O-O dxc4 8. bxc4
c5 9. Bb2 cxd4 10. Nxd4 Qb6 11. Qc1 Nc6 12. Nxc6 bxc6 13. Nd2 Qa6 14. Be5 Bg4
15. Re1 Rad8 16. Nb3 Be6 17. Nd4 Qxc4 18. Nxc6 Qxc1 19. Raxc1 Rd7 20. a4 Bd5 21.
Bxd5 Nxd5 22. Red1 Re8 23. e4 Nb6 24. Rxd7 Nxd7 25. Bxg7 Kxg7 26. Nxa7 Ra8 27.
Rc7 Nf6 28. f3 e6 29. a5 Ne8 30. Rd7 Nf6 31. Rb7 Ne8 32. e5 g5 33. Nc6 Rc8 34.
Rb6 1-0

[Event "CrunchLab Masters Div 1 W"]
[Site "chess.com INT"]
[Date "2024.07.20"]
[Round "2.1"]
[White "Firouzja, Alireza"]
[Black "Duda, Jan-Krzysztof"]
[Result "1/2-1/2"]
[WhiteTitle "GM"]
[BlackTitle "GM"]
[WhiteElo "2744"]
[BlackElo "2733"]
[WhiteFideId "12573981"]
[BlackFideId "1170546"]
[EventDate "2024.07.19"]
[EventType "k.o."]

1. e4 e5 2. Nf3 Nc6 3. Bc4 Bc5 4. c3 Nf6 5. d3 d6 6. O-O a6 7. a4 Ba7 8. Nbd2
O-O 9. h3 Re8 10. b4 Be6 11. Bxe6 Rxe6 12. Qc2 h6 13. Rd1 Ne7 14. Nf1 Ng6 15.
Ng3 Qd7 16. d4 exd4 17. Nxd4 Re5 18. Be3 Rae8 19. Nf3 Bxe3 20. Nxe5 Bxf2+ 21.
Qxf2 Rxe5 22. Rd4 Qc6 23. c4 Nxe4 24. Nxe4 Rxe4 25. Rf1 Re7 26. b5 Qc5 27. Rg4
Qxf2+ 28. Kxf2 Re5 29. Rb1 Rc5 30. b6 Ne5 31. Rd4 Nxc4 32. bxc7 Rxc7 33. Rb4 b5
34. axb5 axb5 35. Rxb5 Rc6 36. Rb8+ Kh7 37. Rd8 g6 38. Ke2 Kg7 39. Kd3 Ne5+ 40.
Ke4 Rc2 41. R8xd6 Re2+ 42. Kd5 f6 43. Ra4 g5 44. Raa6 Rd2+ 45. Ke4 Re2+ 46. Kd5
Rd2+ 47. Ke4 Re2+ 48. Kd5 1/2-1/2

[Event "CrunchLab Masters Div 1 W"]
[Site "chess.com INT"]
[Date "2024.07.20"]
[Round "2.2"]
[White "Duda, Jan-Krzysztof"]
[Black "Firouzja, Alireza"]
[Result "0-1"]
[WhiteTitle "GM"]
[BlackTitle "GM"]
[WhiteElo "2733"]
[BlackElo "2744"]
[WhiteFideId "1170546"]
[BlackFideId "12573981"]
[EventDate "2024.07.19"]
[EventType "k.o."]

1. c4 e5 2. Nc3 Nf6 3. Nf3 Nc6 4. g3 d5 5. cxd5 Nxd5 6. Bg2 Bc5 7. O-O O-O 8.
Nxd5 Qxd5 9. d3 Bb6 10. Bd2 a5 11. Bc3 Qe6 12. Nd2 a4 13. Nc4 Bd4 14. e3 Bxc3
15. bxc3 Rd8 16. Qe2 Rb8 17. Rab1 Bd7 18. Na3 Ne7 19. d4 Bc6 20. Qc4 Bd5 21.
Qxa4 Ra8 22. Bxd5 Nxd5 23. Qb3 e4 24. Nc4 b5 25. Nd2 h5 26. Rfc1 h4 27. Qxb5
Rxa2 28. Rb2 Ra3 29. Qc5 Rda8 30. c4 Nc3 31. Nb1 R3a5 32. Qxc7 R5a7 33. Qf4 Na2
34. Rcc2 h3 35. c5 f6 36. c6 g5 37. Rb8+ Kh7 38. Rxa8 gxf4 39. Rxa7+ Kg6 40. f3
exf3 41. Ra3 Nb4 42. c7 Nxc2 43. Rc3 fxe3 44. c8=Q f2+ 45. Kf1 e2+ 46. Kxf2
e1=Q+ 0-1

[Event "CrunchLab Masters Div 1 W"]
[Site "chess.com INT"]
[Date "2024.07.20"]
[Round "2.2"]
[White "Vachier-Lagrave, Maxime"]
[Black "Carlsen, Magnus"]
[Result "1-0"]
[WhiteTitle "GM"]
[BlackTitle "GM"]
[WhiteElo "2718"]
[BlackElo "2832"]
[WhiteFideId "623539"]
[BlackFideId "1503014"]
[EventDate "2024.07.19"]
[EventType "k.o."]

1. e4 e5 2. Nf3 Nc6 3. Bb5 a6 4. Ba4 Nf6 5. O-O Be7 6. Re1 b5 7. Bb3 O-O 8. h3
Bb7 9. d3 d6 10. a4 Na5 11. Ba2 c5 12. Nbd2 Qc7 13. Nf1 b4 14. Bd2 Bc8 15. Ne3
Be6 16. Nf5 Nc6 17. c3 Bxa2 18. Rxa2 bxc3 19. bxc3 Rfb8 20. d4 Bf8 21. dxc5 dxc5
22. Bg5 Ne8 23. Ne3 Nd6 24. Nd5 Qb7 25. Nd2 Na5 26. Qg4 Qc8 27. Qxc8 Nxc8 28.
Bd8 Nc6 29. Bc7 Rb7 30. Nc4 f6 31. a5 N8a7 32. Bb6 Nb5 33. Rd2 Kf7 34. Red1 Rc8
35. g3 Ne7 36. Nde3 Rc6 37. Rd3 Nc8 38. Kg2 Ncd6 39. f3 Ke6 40. Kf2 h5 41. Ke2
Rd7 42. f4 exf4 43. gxf4 Rb7 44. f5+ Kf7 45. e5 Nxc4 46. Nxc4 Kg8 47. e6 g6 48.
Rd7 Rb8 49. Rg1 g5 50. Kd3 Nd6 51. Nxd6 Rxd6+ 52. Kc4 1-0